| 000 | 00952nam a2200289 a 4500 | ||
|---|---|---|---|
| 999 |
_c2549 _d2549 |
||
| 001 | 015543652 | ||
| 003 | UkOxU | ||
| 005 | 20230713142902.0 | ||
| 008 | 030206r20031997enk j 000 1 eng d | ||
| 015 | _aGB A3-Y0354 | ||
| 020 | _a9780749649180 | ||
| 035 | _aBNB2737.1354 | ||
| 040 |
_cOX/U-1 _dKH8 |
||
| 082 | 0 |
_a823.914 BRU _221 |
|
| 100 | 1 |
_aBruce, Lisa. _eAuthor |
|
| 240 | 1 | 0 | _aNew shoes |
| 245 | 1 | 0 |
_aMy new shoes / _cLisa Bruce & Susie Jenkin-Pearce. |
| 260 |
_aLondon : _bWatts, _c2003. |
||
| 300 |
_a[17] p. : _bchiefly col. ill. ; _c21 cm. |
||
| 500 | _aFirst published in 1997 as: New shoes | ||
| 500 | _aProduced in association with the Early Childhood Centre, Froebel Institute College, Roehampton Institute. | ||
| 650 | 0 |
_aShoes _vPictorial works _vJuvenile fiction. |
|
| 650 | 0 |
_aShoes _xPurchasing _vPictorial works _vJuvenile fiction. |
|
| 700 | 1 |
_aJenkin-Pearce, Susie. _eAuthor |
|
| 830 | 0 | _aMe and my world | |
| 942 |
_2ddc _cBK |
||